LEADER 01084nam a2200265 i 4500 001 991002303929707536 005 20020503163833.0 008 000704s1979 fr ||| | fre 020 $a2728800553 035 $ab10345401-39ule_inst 035 $aEXGIL101669$9ExL 040 $aBiblioteca Interfacoltà$bita 082 0 $a840.912 100 1 $aCharle, Christophe$0173220 245 13$aLa crise litteraire à l'epoque du naturalisme :$broman, theâtre et politique :$bessai d'histoire sociale des groupes et des genres litteraires /$cChristophe Charle 260 $aParis :$bPresses de l'ecole normale superieure,$c1979 300 $a207 p. :$bill. ;$c25 cm. 650 4$aLetteratura francese$ySec. 19. 650 4$aNaturalismo 907 $a.b10345401$b02-04-14$c27-06-02 912 $a991002303929707536 945 $aLE002 Fr. IV C 16$g1$i2002000770165$lle002$oe$pE0.00$q-$rl$s- $t0$u3$v0$w3$x0$y.i10405458$z27-06-02 996 $aCrise litteraire à l'epoque du naturalisme$9205108 997 $aUNISALENTO 998 $ale002$b01-01-00$cm$da $e-$ffre$gfr $h3$i1 LEADER 02254nam 2200649I 450 001 9910704470303321 005 20130606111834.0 035 $a(CKB)5470000002440990 035 $a(OCoLC)846904808 035 $a(EXLCZ)995470000002440990 100 $a20130606d2012 ua 0 101 0 $aeng 135 $aurcn||||||||| 181 $ctxt$2rdacontent 182 $cc$2rdamedia 183 $acr$2rdacarrier 200 10$aHigh-data-rate quadrax cable microwave characterization at the NASA Glenn Structural Dynamics Laboratory /$fOnoufrios Theofylaktos, Joseph D. Warner, and Charles J. Sheehe 210 1$aCleveland, Ohio :$cNational Aeronautics and Space Administration, Glenn Research Center,$d2012. 215 $a1 online resource (23 pages) $ccolor illustrations 225 1 $aNASA/TM ;$v2012-217609 300 $aTitle from title screen (viewed on June 6, 2013). 300 $a"October 2012." 320 $aIncludes bibliographical references (page 23). 606 $aBit error rate$2nasat 606 $aElectromagnetic noise$2nasat 606 $aVibration$2nasat 606 $aCoaxial cables$2nasat 606 $aNoise measurement$2nasat 606 $aDynamic structural analysis$2nasat 606 $aDegradation$2nasat 606 $aService modules$2nasat 606 $aMicrowaves$2nasat 606 $aAcoustic scattering$2nasat 606 $aFrequency ranges$2nasat 606 $aStandard deviation$2nasat 615 7$aBit error rate. 615 7$aElectromagnetic noise. 615 7$aVibration. 615 7$aCoaxial cables. 615 7$aNoise measurement. 615 7$aDynamic structural analysis. 615 7$aDegradation. 615 7$aService modules. 615 7$aMicrowaves. 615 7$aAcoustic scattering. 615 7$aFrequency ranges. 615 7$aStandard deviation. 700 $aTheofylaktos$b Onoufrios$01420910 702 $aWarner$b Joseph D. 702 $aSheehe$b Charles J. 712 02$aNASA Glenn Research Center, 801 0$bGPO 801 1$bGPO 906 $aBOOK 912 $a9910704470303321 996 $aHigh-data-rate quadrax cable microwave characterization at the NASA Glenn Structural Dynamics Laboratory$93546133 997 $aUNINA